000 00596nam a2200229Ia 4500
003 OSt
005 20220923230336.0
006 a|||||r|||| 00| 0
007 ta
008 Pun
024 _a279,628
037 _cTextual
040 _aARTS
_cARTS
_bPun
041 _2Pun
_aPun
082 _aO153,1NMA4x, M0
100 _aਮਹਿੰਦਰਜੀਤ
245 0 _aਸੱਚ ਦੀ ਘੁੱਕਲ ਵਿਚ
260 _c1980
650 _aਪੰਜਾਬੀ ਸਾਹਿਤ
942 _hO153,1NMA4x, M0
_cTEXL
_2CC
999 _c384098
_d384098